000 00386nam a2200157Ia 4500
008 230711s9999||||xx |||||||||||||| ||und||
041 _aENG
082 _a621
_bGE-A
100 _aGeorge,Meyerink
245 0 _aAppliance service handbook
250 _a2nd Ed.
260 _c1983
_aNew Delhi
_bPHI Learning Private Limited
300 _a497
650 _aCivil Engineering
942 _cBK
999 _c1879
_d1879